| 000 | 02388nam a22002537a 4500 | ||
|---|---|---|---|
| 999 |
_c60073 _d60073 |
||
| 003 | Ge_BSU | ||
| 005 | 20230605111151.0 | ||
| 008 | 230605s2018ge xxu||||| |||| 00| 0 geo d | ||
| 020 | _a9788301202170 | ||
| 041 | _ageo | ||
| 080 | _a784.4(479.22)+681.854 წ-89 | ||
| 100 |
_aწურწუმია, რუსუდან, შემდგენელი _918462 |
||
| 245 |
_aგრიმო და ქართული სიმღერა = Grimaud and georgian song / _cიდეის ავტორი და პროექტის ხელმძღვანელი ნინო რაზმაძე ; შემდგენელი და რედაქტორი რუსუდან წურწუმია ; ტექსტები თარგმნეს: სიბილა გელაძემ (ფრანგულიდან ქართულად), მაია კაჭკაჭიშვილმა, თეონა ლომსაძემ და მარიამ ცოცხალაშვილმა (ქართულიდან ინგლისურად) ; დიზაინერი სანდრო ჩხაიძე ; |
||
| 264 |
_aვარშავა : _b PWN, _c2018. |
||
| 300 |
_a268 გვ. ; _b+ 4 CD ; _c 28 სმ . |
||
| 546 | _aყდა, თავფურცელი და ტექსტი ქართულ და ინგლისურ ენებზე. | ||
| 653 | _aგრიმო, ივეტ, ფრანგი ეთნომუსიკოლოგი, 1922-2012. | ||
| 653 | _aქართული ხალხური სიმღერების ხმოვანი ჩანაწერები. | ||
| 700 |
_aრაზმაძე, ნინო _eიდეის ავტორი და პროექტის ხელმძღვანელი _917157 |
||
| 700 |
_aგელაძე, სიბილა _eმთარგმნელი _96456 |
||
| 700 |
_aკაჭკაჭიშვილი, მაია _eმთარგმნელი და სხვ _918463 |
||
| 710 |
_aთბილისის სახელმწიფო კონსერვატორიის ტრადიციული მრავალხმიანობის კვლევის საერთაშორისო ცენტრი, _918464 |
||
| 942 |
_2udc _cBK |
||